000 01357nam a2200373 i 4500
001 196008
003 ES-MaACL
005 20250416063107.0
008 240809s2011 sp a | |||| 000 0 spa
017 _aSE 8181-2011
_bOficina Depósito Legal Sevilla
020 _a9788498427677
035 _a(OCoLC)796349250
035 _a(SpMaBN)a5142976
035 _a991033253329708606
040 _aSpMaBN
_bspa
_cSpMaBN
_erdc
080 _a615.851
100 1 _aMassó Cantarero, Francisco,
_d1946-
_9226310
245 1 0 _aEnsueño y terapia :
_bla imaginación que cura /
_cFrancisco Massó Cantarero.
260 _aMadrid :
_bCCS,
_cD.L. 2011
300 _a188 p. :
_bil. ;
_c24 cm
336 _2rdacontent
_atexto
337 _2rdamedia
_asin mediación
338 _2rdacarrier
_avolumen
490 1 _aCampus ;
_v71
504 _aBibliografía: p. [187]-188
650 0 _aSueños
_xUso terapéutico
_2embne
_9237972
830 _9184231
_aCampus ;
_v71
852 _aES-MaACL
_bR.153095
_cDEPOJ
_jN-9128
_hDonación: Francisco Massó Cantarero
_xEncuadernación: rústica
_9205024
903 _9226310
_aMassó Cantarero, Francisco,
_d1946-
_ednr
942 _cMONOGRAFIA
_n0
954 _iTatiana Alejandra de Castro Pérez
999 _c196008
_d196008